000 00727cam a2200241 a 4500
008
020 _a9780470141151 (pbk.)
049 _aMAIN
090 _aQA279.5
_bBOL
100 1 _aBolstad, William M.
245 1 0 _aIntroduction to Bayesian statistics /
_cWilliam M. Bolstad.
250 _a2nd ed.
260 _aHoboken, N.J. :
_bJohn Wiley & Sons,
_cc2007.
300 _axxiv, 437 p. :
_bill. ;
_c25 cm.
500 _aIncludes index.
504 _aIncludes bibliographical references.
650 0 _aBayesian statistical decision theory.
907 _a.b10378030
_b20-02-17
_c20-02-17
003
005 20230123122240.0
040 _cNUST
942 _cBOOKS
_kQA279.5
_mBOL
999 _c130382
_d130382